000
00302 a2200121 4500
000
nam a22 7a 4500
005
20260306112150.0
020
_a
9781266934711
100
_a
M. Hoefnagels
_9
1123641
245
_a
Biology: Concepts and Investigations
260
_b
McGraw Hill
_c
2024
942
_c
TEXL
999
_c
1688482
_d
1688482